[Event "Mallorca-ch Primera"]
[Site "Palma"]
[Date "2017.12.09"]
[Round "3.4"]
[White "Alenyar Truyols, Bartolome"]
[Black "Gallardo Pina, Neus"]
[Result "1/2-1/2"]
[WhiteElo "1727"]
[BlackElo "1852"]
[PlyCount "42"]
[EventDate "2017.12.02"]
[EventType "swiss"]
[EventRounds "6"]
[EventCountry "ESP"]
[SourceTitle "EXT 2024"]
[Source "ChessBase"]
[SourceDate "2023.10.10"]
[SourceVersion "1"]
[SourceVersionDate "2023.10.10"]
[SourceQuality "1"]

1. e4 c5 2. Nf3 Nc6 3. Bb5 g6 4. 0-0 Bg7 5. Re1 Qb6 6. Bf1 d6 7. Nc3 Bg4 8. h3 Bxf3 9. Qxf3 Nd4 10. Qd1 e6 11. a4 a6 12. a5 Qd8 13. Na4 Qxa5 14. d3 Qc7 15. Nc3 Ne7 16. Bf4 Nec6 17. Nb1 0-0 18. c3 e5 19. Be3 Ne6 20. g3 h6 21. Bg2 Kh7 1/2-1/2

[Event "Mallorca-chT Preferente"]
[Site "Mallorca"]
[Date "2016.03.12"]
[Round "5.2"]
[White "Alenyar Truyols, Bartolome"]
[Black "Galiana Salom, Juan Ramon"]
[Result "0-1"]
[WhiteElo "1754"]
[BlackElo "2201"]
[PlyCount "57"]
[EventDate "2016.03.01"]
[EventType "team-tourn"]
[EventRounds "9"]
[EventCountry "ESP"]
[SourceTitle "EXT 2024"]
[Source "ChessBase"]
[SourceDate "2023.10.10"]
[SourceVersion "1"]
[SourceVersionDate "2023.10.10"]
[SourceQuality "1"]
[WhiteTeam "Alcudia"]
[BlackTeam "Son Dameto"]
[WhiteTeamCountry "ESP"]
[BlackTeamCountry "ESP"]

1. e4 e6 2. Nc3 d5 3. e5 c5 4. Bb5+ Nc6 5. Qe2 Qc7 6. Nf3 Bd7 7. Bxc6 Bxc6 8. 0-0 g6 9. d3 Ne7 10. Bf4 Nf5 11. Rfe1 Be7 12. g4 Nh6 13. h3 Ng8 14. a4 Qb6 15. a5 Qd8 16. Qd2 a6 17. Na4 d4 18. Nh2 Qd5 19. f3 Bh4 20. Nb6 Qd8 21. Qg2 Bxe1 22. Rxe1 Ne7 23. Nxa8 Qxa8 24. c4 dxc3 25. bxc3 Qd8 26. Qe2 Qxa5 27. c4 b5 28. Bd2 b4 29. h4 0-1